VB & VBA in a nutshell -(E-BOOK) (Record no. 191204)
[ view plain ]
| 000 -LEADER | |
|---|---|
| fixed length control field | 00945 a2200265 4500 |
| 003 - CONTROL NUMBER IDENTIFIER | |
| control field | Nust |
| 005 - DATE AND TIME OF LATEST TRANSACTION | |
| control field | 20170207154011.0 |
| 010 ## - LIBRARY OF CONGRESS CONTROL NUMBER | |
| LC control number | 00502146 |
| 020 ## - INTERNATIONAL STANDARD BOOK NUMBER | |
| International Standard Book Number | 1565923588 |
| 035 ## - SYSTEM CONTROL NUMBER | |
| System control number | (DLC)11946414 |
| 040 ## - CATALOGING SOURCE | |
| Transcribing agency | Nust |
| 082 00 - DEWEY DECIMAL CLASSIFICATION NUMBER | |
| Classification number | 005.268 |
| 100 1# - MAIN ENTRY--PERSONAL NAME | |
| Personal name | Lomax, Paul. |
| 245 10 - TITLE STATEMENT | |
| Title | VB & VBA in a nutshell -(E-BOOK) |
| Statement of responsibility, etc. | Paul Lomax. |
| 246 3# - VARYING FORM OF TITLE | |
| Title proper/short title | VB and VBA in a nutshell |
| 250 ## - EDITION STATEMENT | |
| Edition statement | 1st ed. |
| 260 ## - PUBLICATION, DISTRIBUTION, ETC. | |
| Place of publication, distribution, etc. | Beijing ; |
| -- | Sebastopol, CA. : |
| Name of publisher, distributor, etc. | O'Reilly & Associates, |
| Date of publication, distribution, etc. | c1998. |
| 300 ## - PHYSICAL DESCRIPTION | |
| Extent | xiv, 633 p. ; |
| Dimensions | 23 cm. |
| 500 ## - GENERAL NOTE | |
| General note | Includes index. |
| 505 ## - FORMATTED CONTENTS NOTE | |
| Formatted contents note | Part 1: The Basics Part 2: Reference Part 3: Appendixes |
| 650 ## - SUBJECT ADDED ENTRY--TOPICAL TERM | |
| Topical term or geographic name entry element | E-BOOK |
| 856 42 - ELECTRONIC LOCATION AND ACCESS | |
| Materials specified | Contributor biographical information |
| Uniform Resource Identifier | <a href="http://www.loc.gov/catdir/enhancements/fy0912/00502146-b.html">http://www.loc.gov/catdir/enhancements/fy0912/00502146-b.html</a> |
| 856 42 - ELECTRONIC LOCATION AND ACCESS | |
| Materials specified | Publisher description |
| Uniform Resource Identifier | <a href="http://www.loc.gov/catdir/enhancements/fy0715/00502146-d.html">http://www.loc.gov/catdir/enhancements/fy0715/00502146-d.html</a> |
| 856 42 - ELECTRONIC LOCATION AND ACCESS | |
| Materials specified | Table of contents only |
| Uniform Resource Identifier | <a href="http://www.loc.gov/catdir/enhancements/fy1008/00502146-t.html">http://www.loc.gov/catdir/enhancements/fy1008/00502146-t.html</a> |
| 942 ## - ADDED ENTRY ELEMENTS (KOHA) | |
| Source of classification or shelving scheme | |
| Koha item type | Book |
| Withdrawn status | Lost status | Source of classification or shelving scheme | Damaged status | Not for loan | Collection code | Permanent Location | Current Location | Date acquired | Total Checkouts | Full call number | Barcode | Date last seen | Price effective from | Koha item type |
|---|---|---|---|---|---|---|---|---|---|---|---|---|---|---|
| Military College of Signals (MCS) | Military College of Signals (MCS) | 12/12/2016 | 005.268 LOM | MCSEB-69 | 12/08/2016 | 12/12/2016 | Book |
